عرض عادي عرض مارك
  • جنيد، يحيى محمود.

مدخل إسم شخص

عدد التسجيلات المستخدمة في: 1

001 - رقم الضبط

  • حقل الضبط: 2318

003 - معرف رقم الضبط

  • حقل الضبط: OSt

005 - تاريخ ووقت أخر عملية

  • حقل الضبط: 20110808232144.0

008 - عناصر بيانات ثابتة الطول

  • حقل تحكم ثابت الطول: 110808|||a|||||| | ||| d

040 ## - مصدر الفهرسة

  • هيئة الفهرسة الأصلية: OSt
  • وكالة الكتابة: OSt

100 ## - مدخل -- أسم شخص

  • إسم شخص: جنيد، يحيى محمود.

670 ## - بيانات المصدر موجوده

  • الاستشهاد بالمصدر: Work cat.: (OSt)3213: جنيد، يحيى محمود., الطباعة في شبه الجزيرة العربية في القرن التاسع عشر ميلادي (1297-1317هـ) /, 1418] 1998 أو 1419]